000 00954cab a22002055a 4500
001 L147585
008 090527s2009 xxkd f 000 0 eng d
035 _a(Sirsi) u147585
041 0 _aeng
100 1 _aPrice, Ifryn
245 0 3 _aAn output approach to property portfolio performance measurement
260 _c2009
490 0 _aProperty Management
_v27(1) 2009, 6-15(10)
520 _aDemonstrates the analysis of office property portfolios using measures of business outputs such as occupation efficiency and staff satisfaction. The study provides quick and economical comparisons of the performance of individual buildings and of portfolios from the occupier's perspective. The same analyses reveal a waste of space in typically more than 20% of the compared buildings. Tables and figures. Notes. References.
590 _aKA
651 4 _aUnited Kingdom
_y
690 _aBlock management
_96220
700 1 _aClark, Elizabeth
942 _n0
999 _c81574
_d81574